书目信息 |
| 题名: |
太阳能电池新技术
|
|
| 作者: | 林明献 编著 | |
| 分册: | ||
| 出版信息: | 北京 科学出版社 2012.05 |
|
| 页数: | 15,230页 | |
| 开本: | 24cm | |
| 丛书名: | ||
| 单 册: | ||
| 中图分类: | TM914.4 | |
| 科图分类: | ||
| 主题词: | 太阳能电池--技术 , 太阳能电池 | |
| 电子资源: | ||
| ISBN: | 978-7-03-033771-9 | |
| 000 | 00982nam0 2200277 450 | |
| 001 | 010020004926 | |
| 005 | 20170327083847.25 | |
| 010 | @a978-7-03-033771-9@dCNY56.00 | |
| 100 | @a20120528d2012 em y0chiy0110 ea | |
| 101 | 0 | @achi |
| 102 | @aCN@b110000 | |
| 105 | @aa z 000yy | |
| 106 | @ar | |
| 200 | 1 | @a太阳能电池新技术@9tai yang neng dian chi xin ji shu@f林明献编著 |
| 205 | @a修订版 | |
| 210 | @a北京@c科学出版社@d2012.05 | |
| 215 | @a15,230页@c图@d24cm | |
| 300 | @a实用技术 | |
| 305 | @a台湾全华图书股份有限公司授权 | |
| 330 | @a本书首先对太阳能光电产业的历史演进及基本理论做简单的介绍,并分别对多晶硅原料、单晶硅片和多晶硅片等原料的制造技术进行介绍;然后对所有硅基太阳能电池的制造技术做了说明,包括结晶硅太阳能电池、薄膜型结晶硅太阳能电池和非晶硅太阳能电池等。 | |
| 606 | 0 | @a太阳能电池@x技术 |
| 606 | 0 | @a太阳能电池 |
| 690 | @aTM914.4@v5 | |
| 701 | 0 | @a林明献@9lin ming xian@4编著 |
| 801 | 0 | @aCN@bNLC@c20120727 |
| 905 | @b981006-09@dTM914.4@e136=2@f4 | |
| 太阳能电池新技术/林明献编著.-修订版.-北京:科学出版社,2012.05 |
| 15,230页:图;24cm |
| 实用技术 |
| ISBN 978-7-03-033771-9:CNY56.00 |
| 本书首先对太阳能光电产业的历史演进及基本理论做简单的介绍,并分别对多晶硅原料、单晶硅片和多晶硅片等原料的制造技术进行介绍;然后对所有硅基太阳能电池的制造技术做了说明,包括结晶硅太阳能电池、薄膜型结晶硅太阳能电池和非晶硅太阳能电池等。 |
| ● |
| 相关链接 |
|
|
|
|
正题名:太阳能电池新技术
索取号:TM914.4/136=2
 
预约/预借
| 序号 | 登录号 | 条形码 | 馆藏地/架位号 | 状态 | 备注 |
| 1 | 981006 | 209810061 | 第二样本阅览室/ [索取号:TM914.4/136=2] | 在馆 | |
| 2 | 981007 | 209810070 | 第三借阅区/ [索取号:TM914.4/136=2] | 在馆 | |
| 3 | 981008 | 209810089 | 第三借阅区/ [索取号:TM914.4/136=2] | 在馆 | |
| 4 | 981009 | 209810098 | 密集书库-物理学院/ [索取号:TM914.4/136=2] | 在馆 |